MLB Logo Tile Select - Statistics

General Stats
  • This quiz has been taken 549 times
  • The average score is 35 of 45
Answer Stats
Question Tile Select % Correct
Which of these are logos of MLB teams Yes
97%
Which of these are logos of MLB teams No
97%
Which of these are logos of MLB teams Yes
97%
Which of these are logos of MLB teams No
97%
Which of these are logos of MLB teams Yes
97%
Which of these are logos of MLB teams No
97%
Which of these are logos of MLB teams No
97%
Which of these are logos of MLB teams Yes
96%
Which of these teams are in the MLB's National League No
93%
Which of these teams are in the MLB's National League No
92%
Which of these teams are in the MLB's National League No
92%
Which of these teams are in the MLB's National League No
91%
of these MLB teams which Babe Ruth played on Yes
90%
of these MLB teams which Babe Ruth played on No
87%
of these MLB teams which Babe Ruth played on No
87%
Which of these are logos of MLB teams Yes
86%
of these MLB teams which Babe Ruth played on No
86%
of these MLB teams which Babe Ruth played on No
86%
Which of these teams are in the MLB's National League Yes
85%
Which of these teams are in the MLB's National League Yes
85%
of these MLB teams which Babe Ruth played on No
84%
Which of these teams are in the MLB's National League Yes
82%
of these MLB teams which Babe Ruth played on Yes
82%
of these MLB teams which Babe Ruth played on No
81%
of these MLB teams which have lost multiple world series Yes
81%
Which Of These MLB Teams Have Won The World Series Yes
74%
Which Of These MLB Teams Have Won The World Series Yes
74%
of these MLB teams which have lost multiple world series No
74%
Which Of These MLB Teams Have Won The World Series No
72%
Which Of These MLB Teams Have Won The World Series No
72%
Which Of These MLB Teams Have Won The World Series Yes
68%
of these MLB teams which have lost multiple world series No
68%
Which of these teams are in the MLB's National League No
67%
of these MLB teams which have lost multiple world series Yes
67%
Which Of These MLB Teams Have Won The World Series No
66%
Which of these teams are in the MLB's National League No
65%
Which Of These MLB Teams Have Won The World Series Yes
65%
of these MLB teams which have lost multiple world series No
63%
Which Of These MLB Teams Have Won The World Series Yes
61%
of these MLB teams which have lost multiple world series No
61%
of these MLB teams which have lost multiple world series Yes
58%
Which Of These MLB Teams Have Won The World Series Yes
50%
of these MLB teams which have lost multiple world series Yes
47%
of these MLB teams which have lost multiple world series Yes
46%
of these MLB teams which Babe Ruth played on Yes
27%
No matching quizzes found
Score Distribution
Percent of People with Each Score
Percentile by Number Answered
Your Score History
You have not taken this quiz